00670 a2200193 4500003000400000005001700004008004100021020001800062040000900080082001800089100005200107245007700159250001200236260003200248300000900280942004200289952012800331999001700459OSt20240130113113.0240130b |||||||| |||| 00| 0 eng d a9789382581611 coclc a340.59bALU/P aAl Uthaimeen, Shaikh Muhammed Bin Swalih910337 aPennashudhi:bVidhivilakkukal /cShaikh Muhammed Bin Swalih Al Uthaimeen a1st ed. aKochi:bDa'wa Books,c2015. a74p. 2ddccBKh340.59iALU/Pk340.59mALU/P 00102ddc40708LAWaMESbMEScISLd2024-01-30l0o340.59 ALU/Pp45028r2024-01-30 11:32:05v50.00w2024-01-30yBKzGL47R2 c43366d43366